000 00302nam a22001337a 4500
008 170613b xxu||||| |||| 00| 0 eng d
020 _a0829901892
041 _aeng
080 _a32
100 _a19
101 _aSHP
245 _aCASEBOOK OF ECONOMIC PROBLEMS AND POLICIES
_cFELS
942 _2udc
_cBK
999 _c17126
_d17126